Železnica - neodmysliteľná súčasť európskeho dopravného systému

Hospodársky vývoj a dopravná politika v Európe. Moderná infraštruktúra pre medzinárodnú dopravu neznamená viac infraštruktúry. Medzinárodné prepojenie európskych krajín prostredníctvom železničnej osobnej a nákladnej dopravy. Rast jej kvality a kvantity. Technológia železníc v 21. storočí.

Guardado en:
Detalles Bibliográficos
Autor principal: Gazda, J.
Formato: Capítulo de libro
Lenguaje:eslovaco
Materias:
Etiquetas: Agregar Etiqueta
Sin Etiquetas, Sea el primero en etiquetar este registro!

MARC

LEADER 00000naa a2200000 4500
001 r017240
005 20221213113301.3
041 0 |a slo 
044 |a SK 
245 1 0 |a Železnica - neodmysliteľná súčasť európskeho dopravného systému  |c J. Gazda 
520 |a Hospodársky vývoj a dopravná politika v Európe. Moderná infraštruktúra pre medzinárodnú dopravu neznamená viac infraštruktúry. Medzinárodné prepojenie európskych krajín prostredníctvom železničnej osobnej a nákladnej dopravy. Rast jej kvality a kvantity. Technológia železníc v 21. storočí. 
610 2 0 |a politika dopravná 
610 2 0 |a vývoj hospodársky 
610 2 0 |a doprava železničná osobná 
610 2 0 |a doprava železničná nákladná 
610 2 0 |a doprava železničná 
610 2 0 |a železnice 
610 2 0 |a doprava medzinárodná 
610 2 0 |a Európa 
610 2 0 |a infraštruktúra 
100 1 |a Gazda, J.